Barron's how to prepare for the GRE ( Graduate record examination )

Spremljeno u:
Bibliografski detalji
Glavni autor: Samuel C. Brownstein
Format: Knjiga
Jezik:Undetermined
Izdano: Tp. HCM Trẻ 2001
Teme:
Oznake: Dodaj oznaku
Bez oznaka, Budi prvi tko označuje ovaj zapis!
Thư viện lưu trữ: Trung tâm Học liệu Trường Đại học Cần Thơ
LEADER 00616nam a2200193Ia 4500
001 CTU_57163
008 210402s9999 xx 000 0 und d
020 |b 70000 
082 |a 378.1662 
082 |b B885 
100 |a Samuel C. Brownstein 
245 0 |a Barron's how to prepare for the GRE ( Graduate record examination ) 
245 0 |c Samuel C. Brownstein, Mitchel Weiner and Sharon Weiner Green; First News biên dịch 
260 |a Tp. HCM 
260 |b Trẻ 
260 |c 2001 
650 |a graduate record examination 
650 |x study guides 
980 |a Trung tâm Học liệu Trường Đại học Cần Thơ